| 000 | 00831nam a2200253 i 4500 | ||
|---|---|---|---|
| 001 | bg | ||
| 003 | BPK | ||
| 005 | 20200117094415.0 | ||
| 008 | 000309s1978 pl a f |000 0 pol | ||
| 015 | _aPB 1979/1798 | ||
| 040 |
_aWA N _cBPK |
||
| 041 | 0 | _apol | |
| 080 | _a624.012.45 | ||
| 080 | _a(083) | ||
| 100 | 1 |
_aPląskowski, Zbigniew _d(1921-2009) _eAutor |
|
| 245 | 1 | 0 |
_aTablice liczbowe i nomogramy do wymiarowania przekrojów żelbetowych / _cZbigniew Pląskowski. |
| 260 |
_aWarszawa : _b"Arkady", _c1978. |
||
| 300 |
_a285, [5] s. : _bgł. tab., wykr. ; _c23 cm. |
||
| 650 | 4 | _aKonstrukcje żelbetowe | |
| 655 | 4 | _aTablice i wzory | |
| 710 | 2 |
_aWydawnictwo "Arkady". _4pbl. |
|
| 856 |
_uhttp://koha.tu.koszalin.pl/cgi-bin/koha/opac-detail.pl?biblionumber=5281 _yKatalog online BPK |
||
| 942 |
_2UKD _cKS |
||
| 999 |
_c5281 _d5281 |
||